00756nam a2200181 a 450000100100000000500170001000800410002702000180006804000250008608200150011124501170012626001220024330000280036550000600039350400270045370000320048071000620051200003127020200930062820.0110224s2007 dr ac 000 0 spa d a9789945421330 aDO-SdBNPbspacBNPHU axxxxbC75800aConstruyendo la generación futura mediante la educación en los valores /ccoordinadora Delia de Rodríguez. aSantiago, República Dominicana :bMinisterio de Enseñanza de la Congregación Cristiana,c2007.fAmigo del Hogar a110 p. :bil. ;c28 cm. aLa biblioteca posee el libro 3, año escolar 2007-2008 aBibliografía: p. 1101 aRodríguez, Delia deecood1 aMinisterio de Enzeñanza de la Congregación Cristiana.